1306 1256 1319 1300 1838 1751 1318 1568 2000 1111 1390 1099 1519 1298 1459 1040 1955 1586 1499 1111 1362 1067 1608 1178 1691 1815 1049 1181 1514 1892 1756 1737 1228 1984 1209 1064 1958 1252 1768 1172 1721 1540 1901 1338 1201 1387 1161 1667 1447 1116 1745 1229 1314 1267 1912 1541 1427 1402 1803 1743 1969 1961 1254 1519 1276 1359 1818 1724 1069 1213 1432 1614 1837 1187 1756 1643 1060 1855 1229 1016 1009 1528 1964 1958 1243 1013 1927 1534 1643 1402 1652 1123 1648 1027 1351 1383 1420 1186 1162 BCNSPRNW ULIB Ver.6.0+V

เปลี่ยนเป็นภาษาไทย

Change to English
 แสดงรายละเอียดบรรณานุกรม
  กลับหน้าหลัก

Brief Record : Get Marc (ISO 2709) : E-mail record : QR code < ปิดหน้าต่าง
LEADER : 00000nam 2200000uu 4500
001    13399123726
003     ULIB
008    141119s2556||||th 000 0 tha d
020    ^a9786161603663
060 04 ^aWY154^bศ291ก
100 0  ^aดรุณี ชุณหะวัต
245 10 ^aการพยาบาลผู้ป่วยที่มีการผันแปรของออกซิเจน /^cดรุณี ชุณหะวัต; ปราณี ทู้ไพเราะ และมุกดา หนุ่ยศรี
260    ^aนนทบุรี :^bโครงการผลิตตำราจากเอกสารการสอน มหาวิทยาลัยสุโขทัยธรรมาธิราช,^c2556
300    ^a106 หน้า :^bภาพประกอบ ;^c18 ซม.
650  2 ^aOxygen Inhalation Therapy^xnursing.
650  2 ^aRespiratory Tract Diseases^xnursing.
650  4 ^aระบบหายใจ, โรค^xการพยาบาล
650  4 ^aการหายใจ^xภาวะพร่อง
650  4 ^aการรักษาโดยการสูดออกซิเจน
650  4 ^aระบบหัวใจและหลอดเลือด--โรค--การพยาบาล
700 0  ^aปราณี ทู้ไพเราะ; ผู้แต่งร่วม
700 0  ^aมุกดา หนุ่ยศรี; ผู้แต่งร่วม
945    ^p290^l0^i21781
945    ^p290^l0^i21782
999    ^aทศพร เกษรทอง
รายการนี้ยังไม่มีแท็ก
คุณยังไม่ได้ล็อกอิน คุณสามารถมีกิจกรรมร่วมกับเว็บไซต์ได้ แต่ต้องล็อกอินก่อน ::
  ล็อกอิน

รายการสื่อสารสนเทศ

ลำดับที่ ประเภท เลขเรียก/บาร์โค้ด สถานที่ สถานะ
1. Book การพยาบาล
หนังสือสำรอง
สถานะ=หนังสือสำรอง
WY154 ศ291ก ฉ.1 
  Barcode: 21781
ห้องสมุดวิทยาเขตนครสวรรค์
►หนังสือทั่วไป:l:General Books
บนชั้น
2. Book การพยาบาล
Book การพยาบาล
สถานะ=หนังสือเก่า
WY154 ศ291ก ฉ.2 
  Barcode: 21782
ห้องสมุดวิทยาเขตนครสวรรค์
►ส่วนจัดเก็บหนังสือเก่า นว.
บนชั้น
  ขอยืม

รายการใกล้เคียง
    ผู้แต่ง [ดรุณี ชุณหะวัต]

    หัวเรื่อง [การรักษาโดยการสูดออกซิเจน]
    หัวเรื่อง [ระบบหัวใจและหลอดเลือด--โรค--การพยาบาล]

BibComment


ยังไม่เคยถูกคอมเมนท์

คอมเมนท์ทรัพยากรรายการนี้
  คอมเมนท์: การพยาบาลผู้ป่วย..


 Copyright 2026. Bcnsprnw @Library